000 00617nam a2200241Ia 4500
003 OSt
005 20220918174044.0
006 a|||||r|||| 00| 0
007 ta
008 220917b |||||||| |||| 00| 0 eng d
024 _a10,214
037 _cTextual
040 _aARTS
_cARTS
_beng
041 _2eng
_aeng
082 _aQ7:33, L7
100 _aHolland Edith Ed.
_948930
245 0 _aStory of Mohammed
260 _aLahore
_bAl-Biruni Pakistan
_c1977
300 _a192p. 1 map
_ccm.
650 _aRELIGION
942 _hQ7:33, L7
_cTEXL
_2CC
999 _c151588
_d151588